00479nam a2200181 a 4500001001300000003000900013005001700022008004100039020002300080082001500103100001900118245005300137260002500190300000900215500003500224650001900259700001900278nice12345678IN_TiNIC20260116014929.0100209s2004 lona grp 000 0 eng  a9780281056958c10000a248.4bTOM aTomilson, Dave aRunning into Godb Reflections for Ordinary Days aLondon bSPCK c2004 a114p aincludes index and biblioraphy aChristian-Life1 aTomilson, Dave